| 000 | 00556 a2200157 4500 | ||
|---|---|---|---|
| 003 | Nust | ||
| 005 | 20170207154215.0 | ||
| 040 | _cNust | ||
| 082 | _a378.4 | ||
| 245 |
_aUniversity of Essex- UG prospectus 1999 _cUniversity of Essex |
||
| 260 |
_aEssex, UK. _bUniversity of Essex _c1999 |
||
| 300 | _a198 P. | ||
| 505 | _aIntroduction Essex (Page-5) Student Life (Page-13) Student Services (Page-23) Degree Structure and First-year Study (Page-29) Applying to Essex (Page-179) Map (Page-192) | ||
| 538 | _aAlmirah No. 117 shelf No. 1 | ||
| 650 | _aUG Prospectus | ||
| 942 |
_2ddc _cBK |
||
| 999 |
_c195086 _d195086 |
||